Les grands problems italiens (Record no. 109634)

MARC details
000 -LEADER
campo de control de longitud fija 00506nam a2200157 4500
001 - NÚMERO DE CONTROL
campo de control 109634
003 - IDENTIFICADOR DE NÚMERO DE CONTROL
campo de control ES-MaACL
005 - FECHA Y HORA DE LA ÚLTIMA TRANSACCIÓN
campo de control 20230906184859.0
007 - CAMPO FIJO DE DESCRIPCIÓN FÍSICA--INFORMACIÓN GENERAL
campo de control de longitud fija t|
008 - DATOS DE LONGITUD FIJA--INFORMACIÓN GENERAL
campo de control de longitud fija 061121s1931 fr r ||||1| fre d
100 1# - ENTRADA PRINCIPAL--NOMBRE DE PERSONA
Nombre de persona Mitzakis, Michel.
9 (RLIN) 81720
245 14 - MENCIÓN DEL TÍTULO
Título Les grands problems italiens
Resto del título : L'Economie, les Finances et les Lettres /
Mención de responsabilidad, etc. par Michel Mitzakis.
260 ## - PUBLICACIÓN, DISTRIBUCIÓN, ETC.
Lugar de publicación, distribución, etc. Paris :
Nombre del editor, distribuidor, etc. [s. n.],
Fecha de publicación, distribución, etc. 1931 (
Lugar de fabricación/manufactura Fontenay-aux Roses :
Fabricante Louis Bellenand)
300 ## - DESCRIPCIÓN FÍSICA
Extensión XVI, 442 p. ;
Dimensiones 25 cm.
852 ## - LOCALIZACIÓN
Ubicación ES-MaACL
Número de control de estantería A-3643
Holdings
Estatus retirado Estado de pérdida Estado de daño No para préstamo Biblioteca de origen Biblioteca actual Ubicación en estantería Fecha de adquisición Fuente de adquisición Total de préstamos Signatura topográfica completa Código de barras Visto por última vez Precio de reemplazo Tipo de ítem Koha
        Biblioteca del Ateneo de Madrid Biblioteca del Ateneo de Madrid Sala Pecera Planta 1 17/01/2008     A-3643 1114390 23/02/2023 23/02/2023 Libro impreso